书目信息 |
| 题名: |
网页·视觉与设计(彩印)
|
|
| 作者: | 徐珂 编著 | |
| 分册: | ||
| 出版信息: | 北京 人民邮电出版社 2001.01 |
|
| 页数: | 135页 | |
| 开本: | 29cm | |
| 丛书名: | ||
| 单 册: | ||
| 中图分类: | TP393.092 | |
| 科图分类: | ||
| 主题词: | 计算机应用 | |
| 电子资源: | ||
| ISBN: | 7-115-09026-2 | |
| 000 | 00568nam0 2200193 45 | |
| 001 | 0230427892 | |
| 005 | 2002051908270773 | |
| 010 | @a7-115-09026-2@dRMB 59.00 | |
| 100 | @a20020519d2001 km y0chiy0120 ea | |
| 101 | 0 | @achi |
| 102 | @aCN@b110000 | |
| 200 | 1 | @a网页·视觉与设计(彩印)@AWang Ye·Shi Jue Yu She Ji(Cai Yin)@f徐珂等编著@FXu Ke Deng Bian Zhu |
| 210 | @a北京@c人民邮电出版社@d2001.01 | |
| 215 | @a135页@d29cm | |
| 606 | 0 | @a计算机应用 |
| 690 | @aTP393.092@v3 | |
| 701 | 0 | @a徐珂@AXu Ke@4编著 |
| 801 | 0 | @aCN@bPFT@c20020519 |
| 905 | @a安徽大学@dTP393.092@eX741 | |
| 网页·视觉与设计(彩印)/徐珂等编著.-北京:人民邮电出版社,2001.01 |
| 135页;29cm |
| ISBN 7-115-09026-2:RMB 59.00 |
| ● |
| 相关链接 |
|
|
|
正题名:网页·视觉与设计(彩印)
索取号:TP393.092/X741
 
预约/预借
| 序号 | 登录号 | 条形码 | 馆藏地/架位号 | 状态 | 备注 |
| 1 | 355126 | 203551263 | 自科二线400A/400A自科库 2排2列2层/ [索取号:TP393.092/X741] | 在馆 | |
| 2 | 355127 | 203551272 | 自科二线400A/400A自科库 2排2列2层/ [索取号:TP393.092/X741] | 在馆 |